000
00301nam a22001337a 4500
008
210304b ||||| |||| 00| 0 eng d
020
_a
9780155084810
041
_a
eng
080
_2
7th
_a
37
100
_a
46
101
_a
EDU
245
_a
An Introduction to Language
_c
Fromkin,V
942
_2
udc
_c
BK
999
_c
55762
_d
55762